Hokejisti opäť prispeli na charitu

Bibliographic Details
Main Author: Sýkora, Martin (Author)
Format: Article
Language:Slovak
PhysicalDescription:Fotogr.
Subjects:

MARC

LEADER 00000nab a2200000 ar4500
001 vtls009290836
003 SK-MaSNL
005 20260304233120.0
008 080430c2008 xo wr|p|||||||000 b|slo
038 |a PPPK 
040 |a PPPKCL  |b slo  |c PPPKCL  |e AACR2 
041 0 |a slo 
044 |a xo  |c SK 
080 |a 796.966:061  |2 2001 
080 |a 336.563.1:2-46  |2 2001 
080 |a 2-46  |2 2001 
100 1 |a Sýkora, Martin  |4 aut  |9 634538 
245 1 0 |a Hokejisti opäť prispeli na charitu  |c Martin Sýkora 
300 |b Fotogr. 
610 2 7 |a Popradská hokejová liga  |2 pppkcl  |9 1032716 
648 7 |a 2007  |2 pppkcl  |9 313226 
650 0 7 |a hokejové kluby  |2 pppkcl  |9 75891 
650 0 7 |a finančné príspevky  |2 pppkcl  |9 444270 
650 0 7 |a charitatívna činnosť  |2 pppkcl  |9 67695 
651 7 |a Poprad (Slovensko)  |2 pppkcl  |9 20155 
773 0 |t Podtatranské noviny  |g Roč. XLIX, č. 1-2 (2008), s. 7 
852 |a PPPK  |b KIS3GCP 
999 |c 3197321  |d 3199251